Statystyki dla ZTM Gdańsk - 127

Kliknij tutaj aby rozwiązać quiz!

Ogólne statystyki

  • Ten quiz został rozwiązany 4 razy
  • Średni wynik to 14 z 32

Statystyki odpowiedzi

UlicaPrzystanek% Poprawnych
AndersaJasień PKM
75%
HynkaZaspa SKM
75%
Bora-KomorowskiegoBora-Komorowskiego
50%
BulońskaBudapesztańska
50%
Jana Pawła IICzarny Dwór
50%
Jaśkowa DolinaDobrowolskiego
50%
GrunwaldzkaGaleria Bałtycka
50%
AndersaJasieńska
50%
DmowskiegoJaśkowa Dolina
50%
Jana Pawła IILeszczyńskich
50%
BulońskaMigowo
50%
Obrońców WybrzeżaObrońców Wybrzeża
50%
DroszyńskiegoOliwa PKP
50%
Jaśkowa DolinaPiecewska
50%
Obrońców WybrzeżaPrzymorze Wielkie
50%
Jana Pawła IIRzeczypospolitej
50%
Jaśkowa DolinaSobótki
50%
RakoczegoWarneńska
50%
MyśliwskaZacna
50%
Jana Pawła IIZaspa Szpital
50%
Bora-KomorowskiegoBeniowskiego
25%
Obrońców WybrzeżaChłopska
25%
Jaśkowa DolinaFalista
25%
KościuszkiKilińskiego
25%
BulońskaKrólewskie Wzgórze
25%
Jaśkowa DolinaNa Wzgórzu - Teatr Leśny
25%
Jana Pawła IIPilotów
25%
HynkaRozstaje
25%
HynkaSDO "Złota Jesień"
25%
MyśliwskaStaw Wróbla
25%
Jaśkowa DolinaStrzelnica
25%
MyśliwskaWołkowyska
25%

Rozkład punktacji

Percentyl według liczby udzielonych odpowiedzi

Procent ludzi z każdym wynikiem

Twoja historia wyników

Nie rozwiązałeś tego quizu